Valtioiden nimiä neljällä kirjaimella - Statistics

Yleistilastot
  • Tätä visaa on pelattu 1 072 kertaa
  • Keskiarvotulos 19 / 26
Vastaustilastot
kirjaimet valtio % Oikein
K O S V Kosovo
89%
E P R U Peru
84%
I O R V Viro
84%
A Q R T Qatar
82%
B E I N Benin
81%
D F I Z Fidži
80%
A I K N Kiina
79%
E J M N Jemen
78%
A L O S Laos
76%
A B H M Bahama
75%
A M N O Oman
74%
A I L M Mali
73%
A G H N Ghana
72%
A M N P Panama
72%
A B K U Kuuba
71%
A H I T Haiti
69%
A M O S Samoa
69%
A D K N Kanada
68%
A L M T Malta
68%
A D S T Tšad
64%
A I N T Intia
63%
A N R U Nauru
63%
A I K R Irak
61%
A I N R Iran
60%
A I L T Italia
58%
A L P U Palau
56%
Ehtoja vastaavia visoja ei löytynyt
Tulosjakauma
Jokaisen tuloksen saaneiden osuus
Persentiili vastausten määrän mukaan
Tuloshistoriasi
Et ole pelannut tätä visaa